| 000 | 01588cam0 2200349 ib4500 | ||
|---|---|---|---|
| 001 | BY-MA0002-br299959 | ||
| 005 | 20260203122459.0 | ||
| 010 | ^a978-5-488-01868-6 | ||
| 100 | ^a20121227d2010 b y0rusy50 ca | ||
| 101 | 0 | ^arus | |
| 102 | ^aRU | ||
| 105 | ^aa z oy | ||
| 109 | ^ama | ||
| 200 | 1 |
^aСказка о рыбаке и рыбке ^eсказки ^eдля дошкольного возраста ^fА. С. Пушкин ^g[художник А.Елисеев] |
|
| 210 |
^aМосква ^cОникс ^d2010 |
||
| 215 |
^a62, [2] с. ^cцв. ил. ^d22 см |
||
| 225 | 1 | ^aБиблиотечка детской классики | |
| 327 | 0 | ^aСодержание: Сказка о попе и его работнике Балде; Сказка о мёртвой царевне и о семи богатырях | |
| 345 | ^95000 экз. | ||
| 608 |
^aДЕТСКАЯ И ЮНОШЕСКАЯ ЛИТЕРАТУРА (художеств. произведение) ^3BY-NLB-ar9019 ^2BYGNR |
||
| 608 |
^aСТИХОТВОРНАЯ СКАЗКА ^3BY-NLB-ar2853774 ^2BYGNR |
||
| 686 |
^a84(2Рос)1 ^2rubbk |
||
| 690 |
^2Base ^9BY-HO0024 ^a1 ^xRSEK |
||
| 690 |
^a1 ^9BY-HO0024 ^2Vid |
||
| 700 | 1 |
^aПушкин ^bА. С. ^gАлександр Сергеевич ^cписатель ^f1799—1837 ^3BY-NLB-ar130495 |
|
| 702 | 1 |
^aЕлисеев ^bА. ^gАнатолий ^3BY-SEK-448389 ^4040 |
|
| 801 | 0 |
^aBY ^bBY-MA0002 ^c20121227 ^gpsbo |
|
| 801 | 2 |
^aBY ^bBY-HO0024 ^c20251222 ^gRCR |
|
| 035 | ^a(BY-HO0024)BY-MA0002-br299959 | ||
| 899 | 0 |
^aBY-HO0024 ^iП91 ^h84(2Рос)1 |
|